| Tag |
First Indicator |
Second Indicator |
Subfields |
| LEADER |
00000cam a2200000Ki 4500 |
| 001 |
in00004366152 |
| 005 |
20220105160714.0 |
| 006 |
m o d |
| 007 |
cr cnu---unuuu |
| 008 |
210807t20212021enk o 000 0 eng d |
| 020 |
|
|
|a 9781447359531
|q (electronic bk.)
|
| 020 |
|
|
|a 1447359534
|q (electronic bk.)
|
| 020 |
|
|
|z 1447359518
|
| 020 |
|
|
|z 9781447359517
|
| 035 |
|
|
|a (NhCcYBP)jstor22573/CTV1TWDWK5
|
| 037 |
|
|
|a 22573/ctv1twdwk5
|b JSTOR
|
| 040 |
|
|
|a NhCcYBP
|c NhCcYBP
|d UtOrBLW
|
| 050 |
|
4 |
|a HJ192.5
|b .C43 2021
|
| 082 |
0 |
4 |
|a 336.3
|2 23
|
| 245 |
0 |
4 |
|a The changing politics and policy of austerity /
|c edited by Stephen McBride, Bryan Evans and Dieter Plehwe.
|
| 264 |
|
1 |
|a Bristol, UK :
|b Policy Press,
|c 2021.
|
| 264 |
|
4 |
|c ©2021
|
| 300 |
|
|
|a 1 online resource.
|
| 336 |
|
|
|a text
|b txt
|2 rdacontent
|
| 337 |
|
|
|a computer
|b c
|2 rdamedia
|
| 338 |
|
|
|a online resource
|b cr
|2 rdacarrier
|
| 505 |
0 |
|
|a Front Cover -- The Changing Politics and Policy of Austerity -- Copyright information -- Table of contents -- List of figures and tables -- Notes on contributors -- Acknowledgments -- Introduction -- End of the post- war Golden Age -- The multiple crisis: the 21st century's accumulating fault lines -- The 'new times' of COVID- 19 -- References -- PART I Austerity and the promotion of the private -- 1 Beyond austerity: pro-public strategies versus public-private partnership scandals -- Austerity and public infrastructure -- PPP scandals -- Market monopolization
|
| 505 |
8 |
|
|a Corruption, bankruptcy and ineptitude -- Equity sales and offshoring -- Beyond austerity -- PPP-led stimulus? -- Pro-public strategies -- Pandemic-driven pandemonium -- Global turbulence -- Market winnowing -- Nationalization -- Conclusion -- References -- 2 Institutionalizing austerity accounting in Europe: the implementation of European Public Sector Accounting Standards as crisis response -- Accounting standardization in an interconnected world -- European budgetary surveillance in the name of financial markets -- EPSAS as a tool for budgetary governance -- Agents of austerity accounting
|
| 505 |
8 |
|
|a Conclusion -- References -- PART II Coping and casualties: labour and the social -- 3 A fragile triangle: collective bargaining systems, trade unions and the state in the EU -- An attack on the collective bargaining systems ... -- ... with differing effects -- Collective bargaining: dependent on the government or should the state be forced into assuming responsibility? -- Socio-political autonomy -- Planting a social foreign body in the economic governance of the EU -- References
|
| 505 |
8 |
|
|a 4 Privatizing the sacrifice: individualized funding, austerity and precarity in the voluntary sector in Australia and Scotland -- Contexts -- Austerity -- The National Disability Insurance Scheme -- Personalization of self-directed care in Scotland -- The studies -- Findings -- Comparing NDIS and SDS -- Conclusion -- References -- 5 Austerity and the social innovation agenda -- The social innovation agenda -- Benchmarking -- Governance -- Devolution -- Responsibilization -- Conclusion -- References -- Part III Beyond coping: protest, pathologies and the development of real alternatives
|
| 505 |
8 |
|
|a 6 Politics as an alternative to constitutionalization -- Constitutionalization as an alternative to politics -- Integration through crisis -- The European Union's pandemic response -- Reversal of neoliberal constitutionalism? Politics as an alternative to constitutionalization -- References -- 7 There could be alternatives! German economic advisory councils and the institutional reproduction of austerity economics -- Independent advisory bodies in the field of German economic and social policy -- German advisory bodies in economic and social policy areas
|
| 500 |
|
|
|a The German Council of Economic Experts (GCEE).
|
| 588 |
|
|
|a Description based on online resource; title from digital title page (viewed on August 20, 2021).
|
| 500 |
|
|
|a Electronic resource.
|
| 650 |
|
0 |
|a Economic policy
|x History
|y 21st century.
|
| 650 |
|
0 |
|a Debts, Public.
|0 http://id.loc.gov/authorities/subjects/sh85036141
|
| 648 |
|
7 |
|a 2000-2099
|2 fast
|
| 655 |
|
7 |
|a Electronic books.
|2 local
|
| 700 |
1 |
|
|a McBride, Stephen,
|d 1947-
|e editor.
|0 http://id.loc.gov/authorities/names/n00087334
|
| 700 |
1 |
|
|a Evans, Bryan,
|d 1960-
|e editor.
|0 http://id.loc.gov/authorities/names/no2012155215
|
| 700 |
1 |
|
|a Plehwe, Dieter,
|e editor.
|0 http://id.loc.gov/authorities/names/nr98023865
|
| 776 |
1 |
8 |
|i Print version:
|a McBride, Stephen
|t The Changing Politics and Policy of Austerity
|d Bristol : Policy Press,c2021
|z 9781447359517
|
| 856 |
4 |
0 |
|u http://proxy.library.tamu.edu/login?url=https://www.jstor.org/stable/10.2307/j.ctv1txdfmt
|z Connect to the full text of this electronic book
|t 0
|
| 955 |
|
|
|a JSTOR DDA record
|
| 999 |
f |
f |
|s 9496c4cf-8599-377e-8df9-b949ea30b0ac
|i 4e81acfd-7f9c-3ab0-a227-a10e9cafa500
|t 0
|
| 952 |
f |
f |
|a Texas A&M University
|b College Station
|c Electronic Resources
|d Available Online
|t 0
|e HJ192.5 .C43 2021
|h Library of Congress classification
|
| 998 |
f |
f |
|a HJ192.5 .C43 2021
|t 0
|l Available Online
|